Estudio de mercado para la comercialización de aceite de salvado de arroz para Agricorp
Presenta un estudio de mercado para la comercialización de aceite de arroz en la ciudad de Managua en donde se logró conocer los gustos y preferencias de los consumidores, así como también de consumidores potenciales del aceite de arroz, de acuerdo al segmento de mercado seleccionado. Contiene u...
| Main Authors: | , , |
|---|---|
| Other Authors: | |
| Format: | Tesis Section = Libro |
| Language: | Undetermined Spanish |
| Published: |
Managua
UNI
2006
|
| Subjects: |
| LEADER | 01782nam a2200337Ia 4500 | ||
|---|---|---|---|
| 008 | 240830s9999 xx 000 0 und d | ||
| 040 | |a BIBLIOTECA-RUPAP Mon 658.835 U81 | ||
| 041 | |a spa | ||
| 082 | |a Mon 658.835 U81 | ||
| 100 | 1 | |a Urrutia Espinoza, Sabrina Antonia | |
| 100 | 1 | |b Chávez Gumucio, Ana Gabriela. | |
| 100 | 1 | |c Castellón Artola, Yahaira Lisseth | |
| 245 | 1 | 0 | |a Estudio de mercado para la comercialización de aceite de salvado de arroz para Agricorp |
| 260 | |a Managua |b UNI |c 2006 | ||
| 300 | |a 101 p. :il. | ||
| 500 | |a Contiene: anexos, glosario e Incluye: CD. | ||
| 502 | |a Tesis (Ingeniero de Sistemas)- UNI, 2006. | ||
| 520 | 3 | |a Presenta un estudio de mercado para la comercialización de aceite de arroz en la ciudad de Managua en donde se logró conocer los gustos y preferencias de los consumidores, así como también de consumidores potenciales del aceite de arroz, de acuerdo al segmento de mercado seleccionado. Contiene un análisis de elementos externos que incluyen factores económicos, tecnológicos sociales, jurídicos, políticos y análisis de las fuerzas competitivas de igual manera se profundiza en aspectos internos que reflejan la situación actual de la empresa. | |
| 650 | 7 | |a ESTUDIO DE MERCADO - COMERCIALIZACIÓN DE ACEITE DE ARROZ - AGRICORP | |
| 650 | 7 | |b PRODUCCIÓN DE OLEAGINOSAS - EXTRACCIÓN DE ACEITE | |
| 650 | 7 | |c INVESTIGACIÓN DE MERCADO - POBLACIÓN | |
| 650 | 7 | |d ANÁLISIS OFERTA - DEMANDA | |
| 650 | 7 | |e ANÁLISIS DE PRECIOS | |
| 650 | 7 | |f CANALES DE DISTRIBUCIÓN | |
| 650 | 7 | |g PROMOCIÓN - PUBLICIDAD | |
| 650 | 7 | |h ANÁLISIS FODA | |
| 650 | 7 | |i COSTO DE PRODUCCIÓN. | |
| 700 | 1 | |a Tutor: |b Sánchez Solórzano, Oralia del Socorro | |
| 942 | |c BK |2 ddc | ||
| 991 | |a TESIS | ||
| 999 | |c 17692 | ||